LEADER 02012nam0 22004573i 450 001 VAN00278496 005 20240808030553.532 017 70$2N$a9789811965173 100 $a20240624d2022 |0itac50 ba 101 $aeng 102 $aSG 105 $a|||| ||||| 200 1 $aOptimal Fractional-order Predictive PI Controllers$eFor Process Control Applications with Additional Filtering$fArun Mozhi Devan Panneer Selvam ... [et al.] 210 $aSingapore$cSpringer$d2022 215 $axviii, 146 p.$cill.$d24 cm 410 1$1001VAN00246005$12001 $aStudies in Infrastructure and Control$1210 $aCham$cSpringer 606 $a90-XX$xOperations research, mathematical programming [MSC 2020]$3VANC025650$2MF 606 $a93-XX$xSystems theory; control [MSC 2020]$3VANC027040$2MF 610 $aBenchmark Functions$9KW:K 610 $aDead-time Compensation$9KW:K 610 $aDead-time Processes$9KW:K 610 $aFiltering$9KW:K 610 $aFractional-order Controller$9KW:K 610 $aFractional-order PI Controller$9KW:K 610 $aOptimization$9KW:K 610 $aPID-controller$9KW:K 610 $aPredictive Controller$9KW:K 610 $aProcess Modelling$9KW:K 610 $aProcess control$9KW:K 610 $aTrigonometric functions$9KW:K 620 $aSG$dSingapore$3VANL000061 702 1$aPanneer Selvam$bArun Mozhi Devan$3VANV231045 712 $aSpringer $3VANV108073$4650 801 $aIT$bSOL$c20250131$gRICA 856 4 $uhttps://doi.org/10.1007/978-981-19-6517-3$zE-book ? Accesso al full-text attraverso riconoscimento IP di Ateneo, proxy e/o Shibboleth 899 $aBIBLIOTECA DEL DIPARTIMENTO DI MATEMATICA E FISICA$1IT-CE0120$2VAN08 912 $fN 912 $aVAN00278496 950 $aBIBLIOTECA DEL DIPARTIMENTO DI MATEMATICA E FISICA$d08DLOAD e-Book 9027 $e08eMF9027 20240701 996 $aOptimal Fractional-order Predictive PI Controllers$94168189 997 $aUNICAMPANIA LEADER 01513nam0 22003613i 450 001 VAN00288049 005 20251211023823.727 017 70$2N$a9783319480787 100 $a20250303d2016 |0itac50 ba 101 $aeng 102 $aCH 105 $a|||| ||||| 181 $ai$b e 182 $ab 183 $acr 200 1 $aGene Expression and Its Discontents$eThe Social Production of Chronic Disease$fRodrick Wallace, Deborah Wallace 210 $aCham$cSpringer$d2016 215 $aXIII, 344 p.$cill.$d24 cm 620 $aCH$dCham$3VANL001889 676 $a572.865$cEspressione genica$v22 676 $a576.5$cGenetica$v22 676 $a613$cSalute pubblica - Medicina preventiva$v22 700 1$aWallace$bRodrick$3VANV101093$0788350 701 1$aWallace$bDeborah$3VANV104522$0788349 712 $aSpringer $3VANV108073$4650 801 $aIT$bSOL$c20251212$gRICA 856 4 $uhttps://link.springer.com/book/10.1007/978-3-319-48078-7$zE-book - Accesso al full-text attraverso riconoscimento IP di Ateneo, proxy e/o Shibboleth 899 $aBIBLIOTECA DEL DIPARTIMENTO DI SCIENZE E TECNOLOGIE AMBIENTALI BIOLOGICHE E FARMACEUTICHE$1IT-CE0101$2VAN17 912 $fN 912 $aVAN00288049 950 $aBIBLIOTECA DEL DIPARTIMENTO DI SCIENZE E TECNOLOGIE AMBIENTALI BIOLOGICHE E FARMACEUTICHE$d17CONS e-book 177 $e17BIB177/231 231 20250303 996 $aGene Expression and Its Discontents$94315864 997 $aUNICAMPANIA